000 00799cab a22002175a 4500
001 L159907
008 150113e2018 xxk 000 0 eng d
035 _a(Sirsi) u159907
041 0 _aeng
050 _a333.3307 $2 18
100 1 _aCraig, Ewan
245 0 0 _aIt all adds up
_h[electronic resource]
260 _aLondon
_bRICS
_c2018
490 _aRICS Building Surveying Journal
_vMarch - April 2018, 23(1)
520 _aOffers guidance on Business planning and Accounting principles and procedures, which are mandatory competencies for Building Surveying.
650 2 4 _aCOMPETENCIES
651 4 _aUnited Kingdom
_y
690 _aAPC
_96216
856 4 0 _uhttps://issuu.com/ricsmodus/docs/building_surveying_journal_march_ap_aa689a2c570f4c
_yAvailable free online via Issuu
942 _n0
_2ddc
999 _c85058
_d85058